Sistema de Indicadores de Gestin̤

Detalles Bibliográficos
Autor principal: Uribe Maca̕s, Mario Enrique
Otros Autores: Reinoso Lastra, Juan Fernando
Formato: eBook
Lenguaje:español
Publicado: Bogot:̀ Ediciones de la U, 2014
Materias:
Acceso en línea:Acceso restringido

MARC

LEADER 00000nam a22000007a 4500
005 20181031121054.0
007 cr|||| ||||
008 181031s2014 co |||||s|||| 00||0 spa d
020 |a 978-958-762-236-2 
035 |a 22132 
040 |a vLex 
090 |c 8249  |d 8249 
100 1 |a Uribe Maca̕s, Mario Enrique 
245 1 0 |a Sistema de Indicadores de Gestin̤  |h [Recurso electrn̤ico] /  |c Mario Enrique Uribe Maca̕s, Juan Fernando Reinoso Lastra 
256 |a Servicio en ln̕ea 
260 |a Bogot:̀  |b Ediciones de la U,  |c 2014 
300 |a 1 recurso electrn̤ico 
506 1 |a Disponible solo en los productos indicados  |d vLex Global  |d vLex Global (Academic Edition, excluding Law Schools)  |d vLex Global (U.S. Academic Edition, Law Schools)  |d vLex Global (U.S. Academic Edition, excluding Law Schools)  |d vLex Global (Academic Edition, Law Schools) 
650 0 4 |a Economa̕ y negocios  |z Colombia 
700 1 |a Reinoso Lastra, Juan Fernando 
740 0 |a vLex Libros (Servicio en ln̕ea) 
856 4 0 |u http://vlex.com/source/sistema-de-indicadores-de-gestion-22132  |z Acceso restringido 
942 |c BOOK 
999 0 |a Economy and business